| 000 | 00780nam a2200217 i 4500 | ||
|---|---|---|---|
| 001 | 95888 | ||
| 003 | ES-MaACL | ||
| 005 | 20230906181809.0 | ||
| 007 | t| | ||
| 008 | 050607n1900 sp ||||1| spa d | ||
| 100 | 1 |
_aMcCrea, William Hunter. _979544 |
|
| 245 | 1 | 0 |
_aGeometría analítica de tres dimensiones / _cpor William H. Mc Crea; versión castellana de la 2ª edición inglesa al cuidado de D. Tomás Rodríguez Bachiller. |
| 260 |
_aMadrid : _bDossat, _c[s.a.] |
||
| 300 |
_aVI, 152 p. : _bil. ; _c22 cm. |
||
| 490 | 1 | _aUniversity Mathematical texts | |
| 650 | 4 |
_aGeometría analítica. _913100 |
|
| 700 | 1 |
_aRodríguez Bachiller, Tomás. _998366 |
|
| 830 | 0 |
_aUniversity Mathematical texts _9180736 |
|
| 852 |
_aES-MaACL _jD-8075 _bR.27083 |
||
| 999 |
_c95888 _d95888 |
||